00773 a2200217 4500010001400000020002200014035001300036037001500049082001100064090001700075100001900092245007000111260004800181270005100229300002800280490003400308500004100342942002500383999001700408952013000425 aENG-89773 a8123749952c60.00 aEN-73306 bDBAD / PUB14a954.14 c11653d116531 aChaudhry, D.R.1 aHaryana at crossroads:cby D.R. Chaudhrybproblems and prospects/ aNew DelhibNational Book Trust, Indiac2007 aA-5, Green ParkbNew DelhicNew Delhie110 016 axi, 149p.c22 cm. (pbk) aIndia-the land and the people aIncludes bibliographical references adplcENk954.14/ CHA c11335d11335 00102ddc40718NFICaDBADbDBADeDBAD/PUBg60.00l0o954.14pEN-73306r2008-09-15 00:00:00t1u12446v60.00w2008-09-15yEN